Music Quiz

Random Music Quiz

Metallica Songs By Antonym Quiz Stats

Quiz not verified by Sporcle

Challenge
Share
Tweet
Embed
Score 0/23 Timer 04:00
0 Plays Today
Opposite Titles Actual Title % Correct
Happy and FalseSad But True
92.8%
WhitenedBlackened
91.3%
Increase To WhiteFade To Black
90.6%
Servant of ControllersMaster of Puppets
89.9%
The Devil That SucceededThe God That Failed
88.4%
Ignore & CreateSeek & Destroy
85.5%
Your Enemy of HappinessMy Friend of Misery
85.5%
Worse Than MeBetter Than You
84.8%
Villain of the YearHero of the Day
84.8%
The Start of the CircleThe End of the Line
84.1%
The Longest CupThe Shortest Straw
83.3%
Since It WakesUntil It Sleeps
81.2%
Opposite Titles Actual Title % Correct
Stomping LifeCreeping Death
80.4%
Around the AlwaysThrough the Never
80.4%
Collectable VillainsDisposable Heroes
79%
Everything Here InsignificantNothing Else Matters
78.3%
Crouch in the WaterJump in the Fire
75.4%
The Intact Middle of InsanityThe Frayed Ends of Sanity
74.6%
Good PlantBad Seed
70.3%
High Woman's InstrumentalLow Man's Lyric
68.8%
Your CreationMy Apocalypse
65.2%
IllnessCure
58.7%
ContaminatePurify
51.4%

You're not logged in!

Compare scores with friends on all Sporcle quizzes.
Join for Free
OR
Log In

You Might Also Like...

Show Comments

Extras

Created Aug 29, 2012ReportNominate
Tags:metallica, opposite

Top Quizzes Today


Score Distribution

Your Account Isn't Verified!

In order to create a playlist on Sporcle, you need to verify the email address you used during registration. Go to your Sporcle Settings to finish the process.

Report this User

Report this user for behavior that violates our Community Guidelines.

Details: